Normal view
MARC view
- Hina Inam
Entry Personal Name
001 - CONTROL NUMBER
- control field: 104908
003 - CONTROL NUMBER IDENTIFIER
- control field: NUST
005 - DATE AND TIME OF LATEST TRANSACTION
- control field: 20221215092952.0
008 - FIXED-LENGTH DATA ELEMENTS
- fixed length control field: 221215|| aca||aabn | a|a d
040 ## - CATALOGING SOURCE
- Original cataloging agency: NUST
- Transcribing agency: NUST
100 ## - HEADING--PERSONAL NAME
- Personal name: Hina Inam
670 ## - SOURCE DATA FOUND
- Source citation: Work cat.: (NUST): Hina Inam, TH-SOF-2113-Deep Learning Based Framework for Smart Infrastructure Management, 2022.
